| 000 | 00640nam a2200193 i 4500 | ||
|---|---|---|---|
| 001 | 95137 | ||
| 003 | ES-MaACL | ||
| 005 | 20240520134853.0 | ||
| 007 | t| | ||
| 008 | 050523s1970 sp |||| | spa d | ||
| 100 | 1 |
_aLuque, Colomba. _974811 |
|
| 245 | 1 | 0 |
_aParalelismos y divergencias en la novelistica de Pereda y Hardy / _cDra. Colomba Luque de Pérez. |
| 260 |
_aMadrid : _b[s.n.], _c1970. |
||
| 300 |
_a355 p. ; _c22 cm. |
||
| 600 | 1 | 4 |
_aPereda, José María de, _d1833-1906 _xCrítica e interpretación _990448 |
| 600 | 1 | 4 |
_aHardy, Thomas- _xCrítica e interpretación. _9169899 |
| 852 |
_aES-MaACL _jC-39550 |
||
| 999 |
_c95137 _d95137 |
||